Como estudiar mejor (Registro nro. 1732)
[ vista simple ]
| 000 -Cabecera | |
|---|---|
| Campo de control de longitud fija | 00645aam a2200265 4500 |
| 005 - Fecha y hora de la última transacción | |
| Campo de control | 20260428153907.0 |
| 008 - Elementos de longitud fija--Información general | |
| Campo de control de longitud fija | 150715b2004 xxu||||| |||| 00| 0 spa d |
| 020 ## - International Standard Book Number | |
| Número Internacional Estándar del Libro (ISBN) | 9974781094 |
| 041 ## - Idioma | |
| Código de idioma | Español |
| 082 ## - Clasificación Decimal Dewey | |
| Número de clasificación | 371.302.81 F714c |
| 100 ## - Entrada principal--Autor personal | |
| Nombre personal | Forero, María Teresa |
| 245 ## - Título propiamente dicho | |
| Título | Como estudiar mejor |
| 260 ## - Pie de imprenta | |
| Lugar de publicación, distribución, etc. | Argentina |
| 260 ## - Pie de imprenta | |
| Nombre del editor, distribuidor, etc. | Arquetipo |
| 260 ## - Pie de imprenta | |
| Fecha de publicación, distribución, etc. | 2004 |
| 300 ## - Descripción física | |
| Extensión | 360 páginas |
| 490 ## - Serie | |
| Título de la Serie | Temática General |
| 505 ## - Nota de contenido | |
| Nota de contenido | Contiene disco compacto N° 303 |
| 650 ## - Materia general | |
| Temática (materia general) | TÉCNICAS DE ESTUDIO |
| 650 ## - Materia general | |
| Temática (materia general) | LECTURA |
| 650 ## - Materia general | |
| Temática (materia general) | APUNTES |
| 650 ## - Materia general | |
| Temática (materia general) | ESTUDIO EN GRUPO |
| 650 ## - Materia general | |
| Temática (materia general) | CARTELES |
| 942 ## - Punto de acceso adicional KOHA | |
| Tipo de ítem KOHA | Libro |
| Fuente del sistema de clasificación o colocación | Dewey Decimal Classification |
| Signatura completa | Código de barras | Programa Académico | Tipo de ítem |
|---|---|---|---|
| 371.302.81 F714c | 10919 | Temática General | Libro |
| 371.302.81 F714c | 303DC | Temática General | Disco Compacto |